01597 2200637 4500001002100000005001700021008004100038035002400079082001200103090001900115100003200134245009600166260010700262300002000369500002800389650003100417695003300448700002200481850000900503980001500512985000600527999001500533999001500548999001500563999001500578999001500593999001500608990001200623990001200635990001200647990001200659990001200671990001200683990001200695990001200707990001200719990001200731990001200743990001200755990001200767990001200779990001200791990001200803990001200815990001200827990001200839990001200851990001200863990001200875990001200887990001200899990001200911990001200923990001200935990001200947YOGYA-0209000006143720090227035926.0 ind  0010-020900000061437 a899.221 a899.221bYas M aYASADIPURA I, raden ngabehi aMenak Jamintorancoleh R Ng Yasadipura I; Alih Aksara dan alih bahasa oleh wirasmi Abimanyu aJakartabDepartemen Pendidikan dan Kebudayaan Proyek Penerbitan Buku Sastra Indonesia Dan Daerahc1982 a...jilidc21 cm ayang diterima : jil.1,2 aKesasteraan jawa - Tembang aJawa - kesasteraan - Tembang aAbimanyu, Wirasmi aBPAD a29-01-2008 a6 aa000062238 aa000062237 aa000062231 aa000062232 aa000062233 aa000062234 a62231-a a62238-A a62237-A a62232-A a62231-a a62238-A a62237-A a62232-A a62237-a a62238-A a62232-A a62231-a a62238-a a62237-a a62232-A a62231-a a62232-a a62238-a a62237-a a62231-a a62232-a a62238-a a62237-a a62231-a a62238-a a62237-a a62232-a a62231-a